In fairyland : a series of pictures from the elf-world /

Doyle's watercolors of an elf world are presented side by side with Allinghams's poem and Lang's fairy tale, both of which were inspired by the 19th-century illustrations.

Bibliographic Details
Main Author: Allingham, William, 1824-1889
Other Authors: Doyle, Richard, 1824-1883, Lang, Andrew, 1844-1912
Format: Book
Language:English
Published: New York : Viking Press, 1979.
Series:Studio book.
Subjects:

MARC

Tag First Indicator Second Indicator Subfields
LEADER 00000cam a2200000 i 4500
001 in00000068306
005 20230925112747.0
008 820202r19791870nyua j 000 0 eng
010 |a  79004837  
019 |a 5515444 
020 |a 0670395056 
020 |a 9780670395057 
029 1 |a AU@  |b 000002181359 
029 1 |a NZ1  |b 4094154 
035 |a (OCoLC)ocm08194179  
035 |a (OCoLC)8194179  |z (OCoLC)5515444 
035 |a (OCoLC)ocm08194179  
040 |a DLC  |b eng  |c DLC  |d OCL  |d OCLCQ  |d BTCTA  |d OCLCG  |d SCL  |d OCLCO  |d OCLCF  |d OCLCQ  |d OCL  |d SFR  |d OCLCO  |d GILDS  |d OCLCO  |d OCL  |d CPS  |d NJT  |d OCLCO  |d OCL  |d OCLCO  |d KSU  |d OCLCO  |d OCLCQ 
042 |a cyac 
050 0 0 |a PZ5.A47  |b In 1979 
050 1 4 |a NC978.5.D68  |b H65 
082 0 0 |a 741.64/2/0924  |2 19 
100 1 |a Allingham, William,  |d 1824-1889. 
245 1 0 |a In fairyland :  |b a series of pictures from the elf-world /  |c by Richard Doyle ; with a poem by William Allingham and the Princess Nobody, a tale of fairyland by Andrew Lang ; with an introd. by Bryan Holme ; biographical notes by Patricia Thomson. 
260 |a New York :  |b Viking Press,  |c 1979. 
300 |a 64 pages :  |b illustrations (some color) ;  |c 29 cm. 
336 |a text  |b txt  |2 rdacontent 
337 |a unmediated  |b n  |2 rdamedia 
338 |a volume  |b nc  |2 rdacarrier 
490 1 |a Studio book 
500 |a "A Webb & Bower book." 
500 |a Reprint of the 1870 ed. of In fairyland and the 1884 ed. of The Princess nobody, both published by Longmans, Green, Reader & Dyer, London. 
520 |a Doyle's watercolors of an elf world are presented side by side with Allinghams's poem and Lang's fairy tale, both of which were inspired by the 19th-century illustrations. 
650 0 |a Children's literature, English. 
650 0 |a Fairies  |v Literary collections. 
650 0 |a Fairies in art. 
650 1 |a Literature  |v Collections. 
650 1 |a Fairies  |v Literary collections. 
650 1 |a Fairies  |v Pictorial works. 
650 1 |a Elves  |v Literary collections. 
650 1 |a Elves  |v Pictorial works. 
650 6 |a Littérature de jeunesse anglaise. 
650 6 |a Fées  |v Anthologies. 
650 6 |a Fées dans l'art. 
650 7 |a Fairies in art.  |2 fast  |0 (OCoLC)fst00919880 
650 7 |a Children's literature, English.  |2 fast  |0 (OCoLC)fst00855967 
650 7 |a Fairies.  |2 fast  |0 (OCoLC)fst00919878 
655 0 |a Children's literature, English. 
655 4 |a Collections. 
655 7 |a fairy tales.  |2 aat 
655 7 |a Fairy tales.  |2 fast  |0 (OCoLC)fst01726605 
655 7 |a Literature.  |2 fast  |0 (OCoLC)fst01921716 
655 7 |a Illustrated works.  |2 fast  |0 (OCoLC)fst01423873 
655 7 |a Literary collections.  |2 fast  |0 (OCoLC)fst01423811 
655 7 |a Fairy tales.  |2 lcgft 
655 7 |a Contes de fées.  |2 rvmgf 
700 1 |a Doyle, Richard,  |d 1824-1883. 
700 1 2 |a Lang, Andrew,  |d 1844-1912.  |t Princess Nobody. 
776 0 8 |i Online version:  |a Allingham, William, 1824-1889.  |t In fairyland.  |d New York : Viking Press, 1979  |w (OCoLC)1086355956 
830 0 |a Studio book. 
938 |a Baker and Taylor  |b BTCP  |n 79004837  |c $12.95 
948 |h HELD BY TXA - 241 OTHER HOLDINGS 
994 |a Z0  |b TXA 
999 f f |s 69cb5bc6-054f-329b-bbb9-2a79eb5f92de  |i 955ccd4c-bab9-3f0e-abde-9f6249b94291  |t 0 
952 f f |p ric  |a Texas A&M University  |b Rellis Campus  |c Joint Library Facility  |d Remote Storage  |t 0  |e PZ8.L15 Im 1979a  |h Library of Congress classification  |i unmediated -- volume  |m A14800245071 
998 f f |a PZ8.L15 Im 1979a  |t 0  |l Remote Storage